Statistics for American TV Shows of the 2017-18 season

Click here to take the quiz!

General Stats

  • This quiz has been taken 7 times
  • The average score is 10 of 113

Answer Stats

ChannelSeasonShow% Correct
FOX29 (renewed)The Simpsons
80%
FOX16 (renewed)Family Guy
60%
ABC14 (renewed)Grey's Anatomy
60%
ABC9 (renewed)Modern Family
60%
CBS13 (renewed)Criminal Minds
40%
CBS15 (renewed)N.C.I.S.
40%
theCW2 (renewed)Riverdale
40%
theCW4 (renewed)The Flash
40%
FOX1 (renewed)9-1-1
20%
theCW6 (renewed)Arrow
20%
ABC4 (renewed)Black-Ish
20%
CBS8 (renewed)Blue Bloods
20%
FOX8 (renewed)Bob's Burgers
20%
FOX5 (cancelled)Brooklyn Nine-Nine
20%
CBS2 (renewed)Bull
20%
NBC6 (renewed)Chicago Fire
20%
NBC3 (renewed)Chicago Med
20%
NBC5 (renewed)Chicago Police Department
20%
theCW1 (renewed)Dynasty
20%
CBS6 (renewed)Elementary
20%
FOX4 (renewed)Empire
20%
ABC4 (renewed)Fresh Off the Boat
20%
ABC4 (renewed)How To Get Away With Murder
20%
NBC19 (renewed)Law & Order: Special Victims Unit
20%
CBS5 (renewed)Mom
20%
FOX7 (ending)New Girl
20%
ABC7 (ending)Once Upon A Time
20%
ABC10 (cancelled)Roseanne
20%
ABC7 (ending)Scandal
20%
FOX2 (renewed)Star
20%
ABC1 (renewed)Station 19
20%
theCW3 (renewed)Supergirl
20%
theCW5 (renewed)The 100
20%
CBS11 (renewed)The Big Bang Theory
20%
ABC9 (ended)The Middle
20%
theCW5 (ending)The Originals
20%
NBC2 (renewed)This Is Us
20%
CBS1 (cancelled)9JKL
0%
ABC5 (renewed)Agents of S.H.I.E.L.D.
0%
ABC1 (cancelled)Alex, Inc.
0%
ABC2 (renewed)American Housewife
0%
NBC1 (renewed)A.P. Bio
0%
theCW1 (renewed)Black Lightning
0%
NBC3 (renewed)Blindspot
0%
NBC1 (cancelled)Champions
0%
CBS3 (cancelled)Code Black
0%
theCW3 (renewed)Crazy Ex-Girlfriend
0%
ABC1 (cancelled)Deception
0%
ABC2 (cancelled)Designated Survivor
0%
ABC1 (renewed)For The People
0%
FOX1 (cancelled)Ghosted
0%
NBC1 (renewed)Good Girls
0%
FOX4 (renewed)Gotham
0%
NBC2 (cancelled)Great News
0%
CBS8 (renewed)Hawaii Five-0
0%
CBS1 (renewed)Instinct
0%
theCW4 (renewed)iZombie
0%
theCW4 (renewed)Jane The Virgin
0%
CBS2 (cancelled)Kevin Can Wait
0%
ABC1 (cancelled)Kevin (Probably) Saves the World
0%
FOX1 (cancelled)LA to Vegas
0%
NBC1 (cancelled)Law & Order True Crime
0%
theCW3 (renewed)Legends of Tomorrow
0%
FOX2 (renewed)Lethal Weapon
0%
CBS3 (renewed)Life In Pieces
0%
theCW1 (cancelled)Life Sentence
0%
CBS1 (cancelled)Living Biblically
0%
FOX3 (cancelled)Lucifer
0%
CBS2 (renewed)MacGyver
0%
CBS4 (renewed)Madam Secretary
0%
CBS2 (renewed)Man With A Plan
0%
NBC2 (cancelled)Marlon
0%
ABC1 (cancelled)Marvel's Inhumans
0%
CBS1 (cancelled)Me, Myself & I
0%
NBC1 (renewed)Midnight, Texas
0%
CBS9 (renewed)N.C.I.S. : Los Angeles
0%
CBS4 (renewed)NCIS: New Orleans
0%
ABC3 (renewed)Quantico
0%
CBS2 (renewed)Ransom
0%
NBC1 (cancelled)Reverie
0%
NBC1 (cancelled)Rise
0%
CBS2 (cancelled)Salvation
0%
CBS4 (cancelled)Scorpion
0%
CBS1 (renewed)SEAL Team
0%
NBC3 (renewed)Shades of Blue
0%
ABC2 (renewed)Speechless
0%
ABC1 (renewed)Splitting Up Together
0%
CBS2 (cancelled)Superior Donuts
0%
NBC3 (renewed)Superstore
0%
CBS1 (renewed)S.W.A.T.
0%
NBC2 (cancelled)Taken
0%
ABC1 (cancelled)Take Two
0%
ABC1 (cancelled)Ten Days in the Valley
0%
NBC5 (renewed)The Blacklist
0%
NBC1 (cancelled)The Brave
0%
ABC1 (cancelled)The Crossing
0%
FOX2 (cancelled)The Exorcist
0%
FOX1 (renewed)The Gifted
0%
ABC5 (renewed)The Goldbergs
0%
ABC1 (renewed)The Good Doctor
0%
NBC2 (renewed)The Good Place
0%
FOX4 (cancelled)The Last Man on Earth
0%
ABC1 (cancelled)The Mayor
0%
FOX2 (cancelled)The Mick
0%
FOX1 (renewed)The Orville
0%
FOX1 (renewed)The Resident
0%
FOX11 (cancelled)The X-Files
0%
NBC2 (cancelled)Timeless
0%
NBC2 (cancelled)Trial & Error
0%
theCW1 (cancelled)Valor
0%
NBC9 (renewed)Will & Grace
0%
CBS1 (cancelled)Wisdom of the Crowd
0%
CBS1 (renewed)Young Sheldon
0%

Score Distribution

Percentile by Number Answered

Percent of People with Each Score

Your Score History

You have not taken this quiz